| 000 | 00000nam 2200000zi 4500 |
| 001 | 9.918067 |
| 003 | CaOODSP |
| 005 | 20250221142009 |
| 006 | m o d f |
| 007 | cr mn||||||||| |
| 008 | 221207e201904 onca o f000 0 eng d |
| 040 | |aCaOODSP|beng|erda|cCaOODSP |
| 043 | |an-cn--- |
| 045 | |ay1y1 |
| 086 | 1 |aCS85-005/2018-5E-PDF |
| 245 | 00|aOverview of the adult criminal justice system. |
| 264 | 1|a[Ottawa] : |bStatistics Canada = Statistique Canada, |cApril 2018. |
| 300 | |a1 online resource (1 page) : |bcolour illustrations. |
| 336 | |atext|btxt|2rdacontent |
| 337 | |acomputer|bc|2rdamedia |
| 338 | |aonline resource|bcr|2rdacarrier |
| 490 | 1 |aJuristat bulletin - quick fact, |x1925-3427 |
| 500 | |aIssued also in French under title: Aperçu du système de justice pénale pour adultes. |
| 500 | |a"Produced in collaboration by the Department of Justice Canada and Statistics Canada." |
| 500 | |a"Catalogue number: Juristat Bulletin—Quick Fact (85-005-X)." |
| 520 | |a"This poster provides a visual overview of the criminal justice system in Canada as of 2017 and covers key stages of the process from police to sentencing"--Provided by publisher. |
| 650 | 0|aCriminal justice, Administration of|zCanada. |
| 710 | 2 |aStatistics Canada, |eissuing body. |
| 775 | 08|tAperçu du système de justice pénale pour adultes.|w(CaOODSP)9.918068 |
| 830 | #0|aJuristat bulletin - quick fact.|w(CaOODSP)9.948256 |
| 856 | 40|qPDF|s1.05 MB|uhttps://publications.gc.ca/collections/collection_2022/statcan/85-005-x/CS85-005-2018-5-eng.pdf |
| 856 | 4 |qHTML|sN/A|uhttps://www150.statcan.gc.ca/n1/pub/85-005-x/2018001/article/54967-eng.htm |
| 986 | |a85-005-X |